| 000 | 00777cam a2200253 4500 | ||
|---|---|---|---|
| 001 | M1033 | ||
| 008 | 090401t1990 xxu||||| |||| 00| 0 eng d | ||
| 035 | _a(Sirsi) u29528 | ||
| 041 | _aeng | ||
| 050 | _a333.0061 | ||
| 100 | _aBennett, A.J. | ||
| 245 | _aManaging resources and the environment. | ||
| 260 | _c1990 | ||
| 300 | _a12p. ; 30cm | ||
| 350 | _a0 | ||
| 520 | _aPaper given at:- RICS/CASLE 1990 Joint Conference: Surveying 2000, which is catalogued separately in the library. | ||
| 650 | _aCASLE | ||
| 650 | _aNATURAL RESOURCES | ||
| 690 | _aENVIRONMENTAL AND LAND CONSULTANCY | ||
| 710 |
_aCommonwealth Association of Surveying and Land Economy _92570 |
||
| 710 |
_aRoyal Institution of Chartered Surveyors _94900 |
||
| 942 | _n0 | ||
| 948 | _c04/03/1997 | ||
| 999 |
_c89432 _d89432 |
||